000 01209nam a2200313 c 4500
999 _c156101
_d156101
003 BLK
005 20220324113243.0
008 180410b bul|||||r ||||||| ||bul||
010 _aKNG00162870000
040 _aBLK
041 _aBUL
_cBUL
080 _aВътрешна политика. Вж и 329
_b323
_x(104)
_z323(104)
100 1 _aЛоран, Фредерик
_eпърви автор
_9333214
139 _aЛоран, Фредерик
_bЛ 83
245 1 0 _aЧерният оркестър
_bПолит. очерк за десния екстремизъм
_cФредерик Лоран; прев. от фр. Никола Захариев.
257 _aFRA
260 _bПартиздат
_c1982
_aСофия
300 _a371 с.
_c20 см
380 _a3
500 _aОриг. загл. L`Orchestre noir. - 43 615 тир.
653 _aекстремизъм
653 _aтероризъм
700 1 _aЗахариев, Никола
_eпрев. от фр.
_9380255
852 _aЦб 113028
_bЦб
856 4 _qpdf
856 4 _qpdf
942 _cKNG
_n0
_s1
944 _aCR
_c10.07.2014
_l10.07.2014 - от С1,Р / 10.07.2014
_kГрета_Цуфелде